Statistics for Fantastic Mr. Fox Cast

Click here to take the quiz!

General Stats

  • This quiz has been taken 30 times
  • The average score is 5 of 18

Answer Stats

HintAnswer% Correct
Mr. FoxGeorge Clooney
90%
Felicity FoxMeryl Streep
69%
BadgerBill Murray
52%
RatWillem Dafoe
48%
Coach SkipOwen Wilson
41%
WeaselWes Anderson
38%
Franklin BeanMichael Gambon
31%
AshJason Schwartzman
28%
KristoffersonEric Anderson
24%
Mrs. BeanHelen McCrory
21%
MouseAdrien Brody
17%
PeteyJarvis Cocker
17%
RabbitMario Batali
14%
KylieWallace Wolodarsky
14%
Daniel PeabodyBrian Cox
10%
Bean's sonGarth Jennings
10%
Linda OtterKaren Duffy
10%
Squirrel ContractorRoman Coppola
10%

Score Distribution

Percentile by Number Answered

Percent of People with Each Score

Your Score History

You have not taken this quiz